Relative deprivation and economic welfare (Registro nro. 26837)

Detalles MARC
000 -LEADER
fixed length control field 00331 a2200109 4500
001 - CONTROL NUMBER
control field ART_13850
005 - DATE AND TIME OF LATEST TRANSACTION
control field 20260410161911.0
008 - FIXED-LENGTH DATA ELEMENTS--GENERAL INFORMATION
fixed length control field 260409a
100 1# - MAIN ENTRY--PERSONAL NAME
Personal name Yitzhaki, Shlomo
245 10 - TITLE STATEMENT
Title Relative deprivation and economic welfare
773 0# - HOST ITEM ENTRY
Title European economic review
Related parts - Vol. 17, Nº 1 (ene. 1982)
Record control number REV13346

No hay ítems disponibles.